[Event "4NCL Online Division 5"]
[Site "online"]
[Date "2021.11.16"]
[EventDate "2021.11.16"]
[Round "7.122"]
[White "Brough, Christopher"]
[WhiteElo "1550"]
[WhiteTeam "Breage Bruisers"]
[Black "Constable, Christine F"]
[BlackElo "1415"]
[BlackTeam "Bude Surfers B"]
[Result "0-1"]
[PlyCount "132"]

1. e4 g6 2. Nf3 Bg7 3. Bc4 Nf6 4. d3 O-O 5. O-O e6 6. Bg5 d6 7. d4 a6 8. e5 dxe5 9. dxe5 Qxd1 10. Rxd1 Ne4 11. Bf4 Nc6 12. Nbd2 Nxd2 13. Rxd2 b5 14. Be2 Bb7 15. Rad1 Nb4 16. a3 Nd5 17. Bg3 c5 18. c4 bxc4 19. Bxc4 Bh6 20. Rd3 Nb6 21. Ba2 Na4 22. Rb1 Be4 23. Rdd1 Bxb1 24. Rxb1 Rab8 25. b3 Nc3 26. Rb2 Nxa2 27. Rxa2 Rxb3 28. h3 Rfb8 29. Rc2 Rc8 30. a4 Ra3 31. Rc4 Rb3 32. Rc2 Rb4 33. Ra2 a5 34. Nh2 c4 35. Ng4 Bg7 36. Bf4 h5 37. Ne3 c3 38. g3 Rb2 39. Ra3 c2 40. Nxc2 Rcxc2 41. Rd3 Rxf2 42. Rd8+ Kh7 43. Rd1 Rfe2 44. h4 Bxe5 45. Bg5 Bxg3 46. Bf6 Re1+ 47. Rxe1 Bxe1 48. Bxb2 Bxh4 49. Bc3 Bd8 50. Kg2 g5 51. Be5 Kg6 52. Kf3 Kf5 53. Bd6 Bf6 54. Bc7 Bc3 55. Bd8 Bb4 56. Kg3 e5 57. Kf3 e4+ 58. Ke3 g4 59. Bh4 Bc5+ 60. Ke2 Kf4 61. Be1 Bb4 62. Bf2 g3 63. Be3+ Kg4 64. Kf1 Kf3 65. Bg5 g2+ 66. Kg1 Bc5+ 0-1

[Event "4NCL Online Division 5"]
[Site "online"]
[Date "2021.11.16"]
[EventDate "2021.11.16"]
[Round "7.123"]
[White "Russell, Lloyd"]
[WhiteElo "1323"]
[WhiteTeam "Bude Surfers B"]
[Black "Evdokimova, Maria"]
[BlackElo "1428"]
[BlackTeam "Breage Bruisers"]
[Result "0-1"]
[PlyCount "108"]

1. d4 Nf6 2. Nf3 g6 3. Bg5 Bg7 4. e3 O-O 5. Nbd2 Nc6 6. Bd3 d5 7. c3 a6 8. O-O h6 9. Bxf6 Bxf6 10. e4 e5 11. dxe5 Nxe5 12. Nxe5 Bxe5 13. Re1 Qd6 14. Nf3 Bg4 15. h3 Bxf3 16. Qxf3 d4 17. cxd4 Qxd4 18. Rab1 Rae8 19. a3 Re6 20. b4 Rf6 21. Qe3 Qxe3 22. Rxe3 Rd6 23. g3 Rfd8 24. Be2 Rd2 25. Rbb3 Bd4 26. Kf1 Bxe3 27. Rxe3 b5 28. Rc3 R8d7 29. f4 Re7 30. Bf3 Kg7 31. e5 Ra2 32. Bb7 Ra1+ 33. Ke2 Ra2+ 34. Kf3 c5 35. bxc5 Rxb7 36. c6 Rc7 37. Ke4 Rd2 38. g4 a5 39. f5 g5 40. f6+ Kg6 41. Rc5 b4 42. axb4 axb4 43. Rb5 Rd8 44. Rxb4 Rxc6 45. Rb7 Re6 46. Re7 Rxe7 47. fxe7 Re8 48. Kd5 Rxe7 49. Kd6 Re6+ 50. Kd5 h5 51. Kd4 hxg4 52. hxg4 f6 53. Kd5 Rxe5+ 54. Kd6 Re4 0-1

[Event "4NCL Online Division 5"]
[Site "online"]
[Date "2021.11.16"]
[EventDate "2021.11.16"]
[Round "7.124"]
[White "Taylor, Russell"]
[WhiteElo "1403"]
[WhiteTeam "Breage Bruisers"]
[Black "Ongley, Kieran M"]
[BlackElo "845"]
[BlackTeam "Bude Surfers B"]
[Result "1-0"]
[PlyCount "91"]

1. d4 d5 2. c4 c6 3. Nc3 Nf6 4. e3 Bf5 5. Nf3 e6 6. Bd3 Be7 7. Bxf5 exf5 8. c5 O-O 9. O-O Ng4 10. h3 Bh4 11. hxg4 fxg4 12. Nxh4 Qxh4 13. Ne2 Nd7 14. Ng3 Nf6 15. Qd3 Nh5 16. Nxh5 Qxh5 17. Bd2 Qh4 18. Be1 Rae8 19. Qf5 g6 20. Qf4 Re4 21. Qh2 Qg5 22. Bd2 h5 23. Qc7 h4 24. Qxb7 Re7 25. Qxc6 Re6 26. Qa4 Ra8 27. Qd1 h3 28. g3 h2+ 29. Kg2 Rf6 30. Rh1 Kg7 31. Rxh2 Rh8 32. Qh1 Rxh2+ 33. Qxh2 Rf5 34. Qh4 Qh6 35. Qxh6+ Kxh6 36. e4+ Rg5 37. Bxg5+ Kxg5 38. exd5 Kf6 39. d6 Ke6 40. Re1+ Kd5 41. d7 Kc6 42. d8=Q Kb5 43. Qd6 a5 44. Qb6+ Ka4 45. Re3 g5 46. Ra3# 1-0

[Event "4NCL Online Division 5"]
[Site "online"]
[Date "2021.11.16"]
[EventDate "2021.11.16"]
[Round "7.131"]
[White "Coburn, Joseph A"]
[WhiteElo "1758"]
[WhiteTeam "Wessex Some Stars E"]
[Black "Dunford, Anthony D"]
[BlackElo "1798"]
[BlackTeam "The Hemel's Gambit"]
[Result "1/2-1/2"]
[PlyCount "127"]

1. e4 e5 2. Nf3 Nc6 3. Bc4 Bc5 4. O-O f5 5. Bxg8 fxe4 6. Bf7+ Kxf7 7. Nxe5+ Nxe5 8. Qh5+ Ke6 9. d4 Bxd4 10. Bg5 Qe8 11. Qh3+ Kd5 12. c3 d6 13. Qg3 Bb6 14. Rd1+ Kc6 15. Nd2 Qg6 16. Qh4 Ng4 17. Rf1 Rf8 18. Be3 Nxe3 19. fxe3 Rxf1+ 20. Nxf1 Be6 21. Qf4 Qg4 22. Qf2 Qg5 23. Qc2 Bxe3+ 24. Kh1 Bf5 25. Qa4+ Kd5 26. Qb3+ Ke5 27. Qxb7 Bh3 28. Ng3 Bf5 29. Qxa8 h5 30. Qe8+ Be6 31. Nxe4 Qg4 32. Ng3 h4 33. Qh5+ Qxh5 34. Nxh5 g6 35. Re1 gxh5 36. Rxe3+ Kf5 37. a3 a5 38. Kg1 c5 39. Kf2 a4 40. g3 hxg3+ 41. Kxg3 d5 42. Kh4 d4 43. cxd4 cxd4 44. Re1 Bf7 45. Rf1+ Ke6 46. Rf4 d3 47. Rd4 Bg6 48. Kg5 Bh7 49. Kxh5 Ke5 50. Rd8 Kf4 51. h4 Ke3 52. Kh6 Be4 53. Kg5 Ke2 54. Kf4 Bh7 55. Re8+ Kd1 56. Ke3 Kc1 57. Rd8 Kxb2 58. Rxd3 Bxd3 59. Kxd3 Kxa3 60. Kc3 Ka2 61. Kc2 a3 62. h5 Ka1 63. h6 a2 64. Kc1 1/2-1/2

[Event "4NCL Online Division 5"]
[Site "online"]
[Date "2021.11.16"]
[EventDate "2021.11.16"]
[Round "7.132"]
[White "Dunks, Peter"]
[WhiteElo "1658"]
[WhiteTeam "The Hemel's Gambit"]
[Black "Pinto, Phil B"]
[BlackElo "1753"]
[BlackTeam "Wessex Some Stars E"]
[Result "1/2-1/2"]
[PlyCount "126"]

1. d4 Nf6 2. Bg5 e6 3. e4 Be7 4. Bd3 h6 5. Bh4 d5 6. e5 Nfd7 7. Bxe7 Qxe7 8. Nf3 c5 9. c3 Nc6 10. O-O b6 11. Nbd2 cxd4 12. cxd4 O-O 13. Bb5 Na5 14. Rc1 a6 15. Bxd7 Qxd7 16. a3 Bb7 17. b4 Nc6 18. Qa4 Nxe5 19. Qxd7 Nxd7 20. Rc7 Bc8 21. Rfc1 Nf6 22. Ne5 g5 23. R1c3 Kg7 24. h3 Kg8 25. Rf3 Kg7 26. g4 Rb8 27. Rfc3 Bb7 28. Nd7 Nxd7 29. Rxd7 Rbc8 30. Rcc7 Rxc7 31. Rxc7 Bc8 32. Nf3 Kf6 33. Ne5 Kg7 34. Kg2 Kf6 35. Kg3 Kg7 36. Nc6 e5 37. Nxe5 a5 38. bxa5 bxa5 39. Ra7 Be6 40. Rxa5 Rb8 41. Ra7 Rb3+ 42. Nf3 Kg6 43. a4 Ra3 44. a5 h5 45. Ra8 hxg4 46. hxg4 Bd7 47. Ra6+ f6 48. Rd6 Bb5 49. Rxd5 Be2 50. Rf5 Bxf3 51. Rxf3 Rxa5 52. Rd3 Rd5 53. f4 gxf4+ 54. Kxf4 Rd8 55. d5 Rd6 56. Rd4 Kg7 57. Kf5 Kf7 58. g5 fxg5 59. Kxg5 Ke7 60. Kf5 Kd7 61. Ke5 Rh6 62. Re4 Rh5+ 63. Kd4 Rh6 1/2-1/2

[Event "4NCL Online Division 5"]
[Site "online"]
[Date "2021.11.16"]
[EventDate "2021.11.16"]
[Round "7.133"]
[White "Leeson, Chris J P"]
[WhiteElo "1732"]
[WhiteTeam "Wessex Some Stars E"]
[Black "Rollinson, David"]
[BlackElo "1618"]
[BlackTeam "The Hemel's Gambit"]
[Result "1-0"]
[PlyCount "123"]

1. e4 e6 2. Bc4 d5 3. exd5 exd5 4. Bb3 Be6 5. Nf3 Nf6 6. O-O Be7 7. d3 O-O 8. Bg5 Nbd7 9. Re1 c6 10. a4 Re8 11. h3 Nc5 12. c3 Qc8 13. Bc2 Bxh3 14. Bxf6 Qg4 15. g3 Bxf6 16. Nh2 Qxd1 17. Rxd1 Re2 18. Na3 Rae8 19. d4 Ne4 20. Bxe4 R8xe4 21. b4 h6 22. b5 Be7 23. bxc6 bxc6 24. Nf1 Bxa3 25. Rxa3 Re1 26. Raa1 Rxd1 27. Rxd1 Bxf1 28. Kxf1 f5 29. Rb1 Re7 30. Rb8+ Kf7 31. Rc8 Ke6 32. Rxc6+ Kd7 33. Ra6 Kc8 34. Ra5 Rd7 35. Ke2 Kb7 36. Kd3 g5 37. c4 f4 38. gxf4 gxf4 39. Rb5+ Kc6 40. c5 h5 41. Rb1 h4 42. Rh1 Rh7 43. Ke2 h3 44. Kf3 Rh4 45. Ke2 Kd7 46. f3 Kc6 47. Kf2 Kd7 48. Kg1 Kc6 49. Kh2 Rh7 50. Rg1 Kd7 51. Rg6 Kc7 52. a5 Kd7 53. Rd6+ Kc8 54. Rxd5 Kc7 55. Rf5 Rh4 56. d5 Kd7 57. Rf7+ Kc8 58. d6 Rh8 59. Rxa7 Kb8 60. Rc7 Ka8 61. a6 Rh6 62. d7 1-0

[Event "4NCL Online Division 5"]
[Site "online"]
[Date "2021.11.16"]
[EventDate "2021.11.16"]
[Round "7.134"]
[White "Wrzesinski, Roman"]
[WhiteElo "1241"]
[WhiteTeam "The Hemel's Gambit"]
[Black "Moore, Gillian A"]
[BlackElo "1707"]
[BlackTeam "Wessex Some Stars E"]
[Result "0-1"]
[PlyCount "90"]

1. e4 Nf6 2. Nc3 e5 3. Nf3 Nc6 4. d4 exd4 5. Nxd4 Bb4 6. Nxc6 bxc6 7. Bg5 Qe7 8. Bd3 h6 9. Bh4 Qe5 10. Bg3 Bxc3+ 11. Kf1 Qa5 12. bxc3 O-O 13. Be5 Qxe5 14. Qd2 Qa5 15. g3 Ba6 16. Kg2 Bxd3 17. cxd3 d5 18. e5 Nd7 19. d4 c5 20. Rhe1 cxd4 21. Qxd4 Qc5 22. Rab1 Qxd4 23. cxd4 Nb6 24. Rec1 Nc4 25. Rb5 c6 26. Rc5 Rfc8 27. Rc2 Rab8 28. f4 Rb5 29. Kf3 Rxc5 30. dxc5 Rb8 31. f5 Nxe5+ 32. Kf4 Nd7 33. h4 Rb5 34. a4 Rxc5 35. Rxc5 Nxc5 36. a5 a6 37. Ke5 Nb7 38. Kd4 Kf8 39. g4 Ke7 40. g5 hxg5 41. hxg5 Kd6 42. Kc3 c5 43. g6 f6 44. Kd3 Ke5 45. Ke3 Nxa5 0-1

[Event "4NCL Online Division 5"]
[Site "online"]
[Date "2021.11.16"]
[EventDate "2021.11.16"]
[Round "7.141"]
[White "Adatia, Amar"]
[WhiteElo "1383"]
[WhiteTeam "Streatham C"]
[Black "Ross, David C"]
[BlackElo "1741"]
[BlackTeam "War & Piece Nimrod"]
[Result "0-1"]
[PlyCount "76"]

1. d4 Nf6 2. c4 c5 3. d5 b5 4. b3 g6 5. Bb2 Bg7 6. g3 d6 7. Na3 b4 8. Nc2 O-O 9. Bg2 Nbd7 10. e4 Bb7 11. Ne2 Qc7 12. O-O e6 13. Qd2 Nxe4 14. Bxe4 Bxb2 15. Rab1 Bg7 16. Bg2 exd5 17. Bxd5 Bxd5 18. Qxd5 Nf6 19. Qd2 Rfe8 20. Rbd1 Rad8 21. Ne3 Ne4 22. Qd3 Qd7 23. f3 Ng5 24. Nf4 Bd4 25. Nd5 Qe6 26. Rde1 Rd7 27. Kh1 Qh3 28. Nc2 Rxe1 29. Rxe1 Bf2 30. Nf6+ Kg7 31. Nxd7 Bxg3 32. Qe2 Nxf3 33. Rf1 Nxh2 34. Rf2 Bxf2 35. Qxf2 Ng4+ 36. Kg1 Nxf2 37. Kxf2 Qh2+ 38. Ke3 Qxc2 0-1

[Event "4NCL Online Division 5"]
[Site "online"]
[Date "2021.11.16"]
[EventDate "2021.11.16"]
[Round "7.142"]
[White "Glover, John"]
[WhiteElo "1678"]
[WhiteTeam "War & Piece Nimrod"]
[Black "Mo, Alex"]
[BlackElo "1423"]
[BlackTeam "Streatham C"]
[Result "1/2-1/2"]
[PlyCount "152"]

1. Nf3 d5 2. c4 e6 3. g3 Nf6 4. d4 c5 5. cxd5 Qxd5 6. Nc3 Qd8 7. Bg2 Nc6 8. e3 cxd4 9. Nxd4 Nxd4 10. Qxd4 Qxd4 11. exd4 Bb4 12. O-O O-O 13. a3 Ba5 14. b4 Bc7 15. Bg5 Nd7 16. Na4 h6 17. Be3 Rb8 18. Rac1 Bd6 19. Nc5 b6 20. Nxd7 Bxd7 21. Rfd1 Ba4 22. Rd3 Rbc8 23. Rdc3 Rxc3 24. Rxc3 Re8 25. Kf1 Bb5+ 26. Ke1 e5 27. d5 e4 28. Bf1 Be5 29. Rc1 Ba4 30. Ba6 Kh7 31. Bb7 Bb2 32. Bc6 Rc8 33. Rb1 Bc3+ 34. Bd2 Bxc6 35. dxc6 Bxd2+ 36. Kxd2 Rxc6 37. Re1 f5 38. f3 Rd6+ 39. Kc2 exf3 40. Rf1 Re6 41. Rxf3 g6 42. h4 h5 43. Rc3 Re7 44. Kb3 Kg7 45. a4 Kh6 46. Ka3 Re6 47. Kb3 a6 48. b5 axb5 49. axb5 Re5 50. Kb4 Re4+ 51. Rc4 Re3 52. Rc6 Rxg3 53. Rxb6 f4 54. Rf6 Rg4 55. Ka5 Kg7 56. Rc6 f3 57. Rc1 f2 58. Rf1 Rxh4 59. b6 Rf4 60. b7 Rf8 61. Ka6 h4 62. Ka7 g5 63. b8=Q Rxb8 64. Kxb8 g4 65. Rxf2 Kg6 66. Kc7 g3 67. Rf8 Kh5 68. Rg8 Kh6 69. Kd6 Kh5 70. Ke5 h3 71. Rxg3 Kh4 72. Rg8 h2 73. Kf4 Kh3 74. Ke3 h1=Q 75. Rh8+ Kg2 76. Rxh1 Kxh1 1/2-1/2

[Event "4NCL Online Division 5"]
[Site "online"]
[Date "2021.11.16"]
[EventDate "2021.11.16"]
[Round "7.143"]
[White "Buckman, Cyrus"]
[WhiteElo "1393"]
[WhiteTeam "Streatham C"]
[Black "Dray-Pearce, Tristan"]
[BlackElo "1640"]
[BlackTeam "War & Piece Nimrod"]
[Result "1-0"]
[PlyCount "51"]

1. d4 d6 2. c4 e5 3. e3 Nf6 4. Nc3 Nc6 5. Nf3 Bg4 6. Be2 exd4 7. exd4 Qe7 8. Be3 O-O-O 9. O-O d5 10. c5 Ne4 11. Qb3 Nxc3 12. bxc3 f5 13. Rab1 b6 14. Ba6+ Kb8 15. Bg5 Qd7 16. Bxd8 Bxf3 17. cxb6 axb6 18. gxf3 Qxd8 19. Qa4 Na5 20. Qxa5 Bd6 21. Rfe1 Qh4 22. Qxd5 Qxh2+ 23. Kf1 Qh1+ 24. Ke2 Re8+ 25. Kd3 Re3+ 26. fxe3 1-0

[Event "4NCL Online Division 5"]
[Site "online"]
[Date "2021.11.16"]
[EventDate "2021.11.16"]
[Round "7.144"]
[White "Morrison, Munroe L"]
[WhiteElo "1633"]
[WhiteTeam "War & Piece Nimrod"]
[Black "Yordanov, Denislav"]
[BlackElo "1390"]
[BlackTeam "Streatham C"]
[Result "1-0"]
[PlyCount "27"]

1. e4 e5 2. Nf3 Nc6 3. Bc4 Nf6 4. d4 Nxe4 5. dxe5 Bc5 6. Bxf7+ Kf8 7. O-O Qe7 8. Bd5 Nxf2 9. Rxf2 Bxf2+ 10. Kxf2 Nxe5 11. Bg5 Qc5+ 12. Kf1 Nxf3 13. Qxf3+ Ke8 14. Qf7# 1-0

[Event "4NCL Online Division 5"]
[Site "online"]
[Date "2021.11.16"]
[EventDate "2021.11.16"]
[Round "7.151"]
[White "Reid, Mark"]
[WhiteElo "1455"]
[WhiteTeam "Lerryn Clowns"]
[Black "Salter, Ivor"]
[BlackElo "1590"]
[BlackTeam "Shropshire and Friends 6"]
[Result "1-0"]
[PlyCount "105"]

1. d4 d5 2. c4 c6 3. Nf3 Nf6 4. Nc3 g6 5. e3 Bg7 6. Be2 O-O 7. O-O Bg4 8. cxd5 cxd5 9. Qb3 b6 10. Bd2 Nc6 11. h3 Bxf3 12. Bxf3 e6 13. Rac1 Rc8 14. Qa4 Na5 15. b3 a6 16. Be2 b5 17. Nxb5 axb5 18. Qxa5 Qxa5 19. Bxa5 Ra8 20. b4 Rab8 21. Rc2 Rb7 22. Rfc1 Ne4 23. Rc6 Nd2 24. Rc8 Nc4 25. Rxf8+ Kxf8 26. Bxc4 bxc4 27. e4 Bxd4 28. exd5 Bb2 29. Rxc4 exd5 30. Rc7 Rb8 31. Rd7 d4 32. Rd8+ Rxd8 33. Bxd8 Ke8 34. Bg5 Kd7 35. Kf1 d3 36. Bd2 Ba3 37. f3 Kc6 38. Kf2 Kb5 39. Ke3 Bxb4 40. Kxd3 Bxd2 41. Kxd2 Ka4 42. f4 Ka3 43. g4 Kxa2 44. Ke3 Kb3 45. Ke4 Kc4 46. f5 Kc5 47. Ke5 Kc6 48. Kf6 gxf5 49. gxf5 Kd6 50. Kxf7 Ke5 51. f6 h5 52. Kg7 Ke6 53. f7 1-0

[Event "4NCL Online Division 5"]
[Site "online"]
[Date "2021.11.16"]
[EventDate "2021.11.16"]
[Round "7.152"]
[White "Jones, Andrew"]
[WhiteElo "1505"]
[WhiteTeam "Shropshire and Friends 6"]
[Black "Jenkins, Simon"]
[BlackElo "1513"]
[BlackTeam "Lerryn Clowns"]
[Result "0-1"]
[PlyCount "36"]

1. e4 e5 2. Nf3 f5 3. Nxe5 Qf6 4. d4 d6 5. Nc4 fxe4 6. Nc3 c6 7. Be2 d5 8. Ne3 Bd6 9. Bg4 Nd7 10. Nf5 Ne7 11. Nxd6+ Qxd6 12. O-O Nf6 13. Bxc8 Rxc8 14. Bg5 O-O 15. Bxf6 Rxf6 16. Qg4 Rg6 17. Qh4 Nf5 18. Qh3 Rh6 0-1

[Event "4NCL Online Division 5"]
[Site "online"]
[Date "2021.11.16"]
[EventDate "2021.11.16"]
[Round "7.153"]
[White "Childs, Barry B"]
[WhiteElo "1384"]
[WhiteTeam "Lerryn Clowns"]
[Black "Holmes, Nick D"]
[BlackElo "1497"]
[BlackTeam "Shropshire and Friends 6"]
[Result "1-0"]
[PlyCount "59"]

1. b4 Nf6 2. e3 e6 3. a3 d5 4. Nf3 Bd6 5. d4 O-O 6. c4 c6 7. c5 Bc7 8. Bd3 b6 9. O-O bxc5 10. bxc5 Nbd7 11. Nbd2 e5 12. dxe5 Bxe5 13. Rb1 Re8 14. Qc2 a5 15. e4 Bf4 16. exd5 cxd5 17. c6 Ne5 18. Nxe5 Bxe5 19. Nf3 Ba6 20. Nxe5 Rxe5 21. Bxa6 Ne8 22. Bf4 Rh5 23. Bb7 Qh4 24. Bg3 Qd8 25. Rfe1 Nc7 26. Bxa8 g6 27. Rb7 Qxa8 28. Rxc7 Qd8 29. Ree7 Rf5 30. Rcd7 1-0

[Event "4NCL Online Division 5"]
[Site "online"]
[Date "2021.11.16"]
[EventDate "2021.11.16"]
[Round "7.154"]
[White "Thompson, Richard G"]
[WhiteElo "1474"]
[WhiteTeam "Shropshire and Friends 6"]
[Black "Jenkins, David R"]
[BlackElo "1398"]
[BlackTeam "Lerryn Clowns"]
[Result "0.5-0.5"]
[PlyCount "115"]

1. d4 Nf6 2. Bf4 g6 3. Nc3 Bg7 4. e4 d6 5. Nf3 Bg4 6. Be2 O-O 7. Qd2 Nc6 8. O-O-O Re8 9. Qe3 Nd7 10. Bh6 Bxf3 11. gxf3 e5 12. Bxg7 Kxg7 13. dxe5 dxe5 14. h4 Nd4 15. Bd3 c6 16. Rdg1 Qf6 17. Rg3 Qf4 18. h5 Qxe3+ 19. fxe3 Ne6 20. Ne2 Ndc5 21. f4 exf4 22. exf4 Nxd3+ 23. cxd3 Rad8 24. Kc2 Nd4+ 25. Nxd4 Rxd4 26. Kc3 Red8 27. f5 b5 28. a3 a5 29. hxg6 fxg6 30. fxg6 hxg6 31. Rh4 b4+ 32. axb4 axb4+ 33. Kc2 c5 34. Rhg4 R8d6 35. Rg5 c4 36. e5 Rc6 37. dxc4 Rdxc4+ 38. Kb3 Re4 39. R3g4 Rxg4 40. Rxg4 Re6 41. Re4 Rb6 42. Kc4 b3 43. Kc5 Rb8 44. Kd6 Rd8+ 45. Ke6 Rd2 46. Rb4 Rxb2 47. Rb7+ Kh6 48. Ke7 g5 49. Rb6+ Kh5 50. Kf7 Rf2+ 51. Kg7 b2 52. e6 Re2 53. Kf7 Rf2+ 54. Ke8 Re2 55. e7 g4 56. Kf7 Rf2+ 57. Kg8 Re2 58. Kf8 1/2-1/2

[Event "4NCL Online Division 5"]
[Site "online"]
[Date "2021.11.16"]
[EventDate "2021.11.16"]
[Round "7.161"]
[White "Sugden, Freddie"]
[WhiteElo "1831"]
[WhiteTeam "Hackney Spice Boys"]
[Black "Jukes, Ben"]
[BlackElo "1600"]
[BlackTeam "Wells Globetrotters 2"]
[Result "1-0"]
[PlyCount "135"]

1. e4 c5 2. d4 cxd4 3. c3 dxc3 4. Nxc3 Nc6 5. Nf3 e6 6. Bf4 Bb4 7. Bc4 Bxc3+ 8. bxc3 Nge7 9. O-O a6 10. Bd6 b5 11. Be2 O-O 12. Qc2 Bb7 13. Rfd1 Re8 14. Rab1 Na7 15. a4 Bc6 16. Ne5 Qa5 17. axb5 Nxb5 18. Nxc6 dxc6 19. Bb4 Qc7 20. c4 Na7 21. Bd6 Qc8 22. e5 Nf5 23. Bd3 g6 24. Be4 Nxd6 25. exd6 Rd8 26. Qa4 Rb8 27. Rxb8 Qxb8 28. c5 Qb5 29. Qa3 f5 30. Bd3 Qb8 31. Bxa6 Nb5 32. Bxb5 Qxb5 33. Qa2 Kf7 34. Re1 Qb7 35. Qxe6+ Kg7 36. Qe5+ Kg8 37. Qe7 Qd7 38. Qxd7 Rxd7 39. Re8+ Kf7 40. Rc8 Ra7 41. h3 Ra1+ 42. Kh2 Ke6 43. Rxc6 Rd1 44. Rc7 h6 45. Rg7 Kf6 46. Rg8 Rd5 47. Rc8 Ke5 48. Re8+ Kf6 49. Rd8 Ke5 50. Re8+ Kd4 51. Rc8 Ke5 52. g3 Rd2 53. Kg2 Ke6 54. Kf3 g5 55. Rh8 Rd5 56. Rxh6+ Kf7 57. Rh7+ Ke8 58. c6 Rxd6 59. Rh8+ Ke7 60. c7 Rd3+ 61. Kg2 f4 62. c8=Q f3+ 63. Kh2 g4 64. Qxg4 Rd2 65. Qb4+ Kf7 66. Qxd2 Ke7 67. Qg5+ Kd6 68. Rh6+ 1-0

[Event "4NCL Online Division 5"]
[Site "online"]
[Date "2021.11.16"]
[EventDate "2021.11.16"]
[Round "7.162"]
[White "Hayes, Solomon"]
[WhiteElo "1479"]
[WhiteTeam "Wells Globetrotters 2"]
[Black "Morgan, Marc"]
[BlackElo "1625"]
[BlackTeam "Hackney Spice Boys"]
[Result "0-1"]
[PlyCount "70"]

1. e4 c5 2. Nf3 d6 3. Bb5+ Bd7 4. Bxd7+ Nxd7 5. c4 e5 6. d3 Ngf6 7. Nc3 a6 8. O-O Be7 9. h3 O-O 10. Be3 Rb8 11. a4 b6 12. Qd2 h6 13. Kh2 Nh7 14. Rg1 f5 15. exf5 Rxf5 16. Qe2 Qf8 17. Nd5 Bg5 18. Nh4 Bxh4 19. Qg4 Bg5 20. Bxg5 Nxg5 21. Qxf5 Qe8 22. h4 Ne6 23. g4 Nd4 24. Qe4 Qf7 25. Kg3 Rf8 26. Rg2 Nf6 27. Nxf6+ Qxf6 28. Rh1 Qe7 29. Qd5+ Kh8 30. g5 Rf3+ 31. Kh2 Qf8 32. Kg1 Ne2+ 33. Kh2 Qf4+ 34. Rg3 Rxf2+ 35. Kh3 Qxg3# 0-1

[Event "4NCL Online Division 5"]
[Site "online"]
[Date "2021.11.16"]
[EventDate "2021.11.16"]
[Round "7.163"]
[White "Wouters, Olivier"]
[WhiteElo "1347"]
[WhiteTeam "Hackney Spice Boys"]
[Black "Rossi, Jonathan"]
[BlackElo "1461"]
[BlackTeam "Wells Globetrotters 2"]
[Result "1-0"]
[PlyCount "85"]

1. d4 Nf6 2. c4 e6 3. Nc3 Bb4 4. a3 Bxc3+ 5. bxc3 c5 6. Nf3 O-O 7. Bg5 h6 8. Bh4 Qa5 9. Bxf6 Qxc3+ 10. Nd2 gxf6 11. e3 cxd4 12. exd4 Qxd4 13. Be2 Nc6 14. O-O b6 15. Qc2 f5 16. Rfd1 Qg7 17. Nb3 Ne5 18. f4 Bb7 19. Bf1 Nf3+ 20. Kh1 Nh4 21. Rd3 Kh7 22. Rxd7 Be4 23. Qf2 Qg4 24. h3 Qxh3+ 25. Kg1 Qg4 26. Nd4 Rg8 27. Rxf7+ Kh8 28. Ra2 Rg6 29. Qb2 e5 30. fxe5 Rag8 31. e6 Nf3+ 32. Nxf3+ R6g7 33. Rxg7 Rxg7 34. e7 Bc6 35. Qe2 Rg8 36. Rd2 Bxf3 37. Qe5+ Kh7 38. e8=Q Rxe8 39. Qxe8 Qg6 40. Rd7+ Qg7 41. Rxg7+ Kxg7 42. Qe7+ Kg6 43. gxf3 1-0

[Event "4NCL Online Division 5"]
[Site "online"]
[Date "2021.11.16"]
[EventDate "2021.11.16"]
[Round "7.164"]
[White "Austin, Antony"]
[WhiteElo "1349"]
[WhiteTeam "Wells Globetrotters 2"]
[Black "Saunois, Anthony"]
[BlackElo "1400"]
[BlackTeam "Hackney Spice Boys"]
[Result "1/2-1/2"]
[PlyCount "113"]

1. d4 g6 2. Nf3 Bg7 3. Bf4 Nf6 4. e3 c6 5. Nbd2 d5 6. c4 Bf5 7. cxd5 Nxd5 8. Bxb8 Rxb8 9. e4 Be6 10. exd5 Qxd5 11. Nb3 O-O 12. Be2 b6 13. O-O Rbd8 14. Rc1 c5 15. dxc5 bxc5 16. Qxd5 Rxd5 17. Nxc5 Bf5 18. b4 h6 19. a4 Rb8 20. Bc4 Rdd8 21. b5 Rdc8 22. Na6 Rb6 23. Bxf7+ Kxf7 24. Rxc8 Bxc8 25. Rc1 Bxa6 26. bxa6 Rxa6 27. Rc4 Ke6 28. g3 Kd5 29. Nd2 Rb6 30. Rc7 Bf6 31. Rxa7 Rb2 32. Ra5+ Kd4 33. Nf3+ Ke4 34. Kg2 g5 35. Ra8 g4 36. Nh4 Bd4 37. Rf8 Ra2 38. Rf4+ Kd3 39. Rxg4 Rxf2+ 40. Kh3 Ra2 41. Nf5 Be3 42. Nxe7 Bg1 43. Rg6 Rxh2+ 44. Kg4 h5+ 45. Kf4 Rf2+ 46. Kg5 Rh2 47. Nf5 Ra2 48. Kxh5 Rxa4 49. Rd6+ Ke4 50. g4 Ra8 51. Ng7 Rh8+ 52. Kg6 Be3 53. Re6+ Kf3 54. g5 Rg8 55. Re8 Rxe8 56. Nxe8 Bxg5 57. Kxg5 1/2-1/2

[Event "4NCL Online Division 5"]
[Site "online"]
[Date "2021.11.16"]
[EventDate "2021.11.16"]
[Round "7.172"]
[White "Stocks, Foley"]
[WhiteElo "1480"]
[WhiteTeam "Shropshire and Friends 7"]
[Black "Wylie, Steve"]
[BlackElo "1676"]
[BlackTeam "Devana Corieltauvorum"]
[Result "0-1"]
[PlyCount "50"]

1. e4 d5 2. exd5 Qxd5 3. Nc3 Qd8 4. d4 Nf6 5. Bc4 a6 6. Nf3 b5 7. Bb3 Bb7 8. Be3 e6 9. O-O Be7 10. Qe2 O-O 11. a4 b4 12. Na2 Nbd7 13. Ne5 c5 14. Nxd7 Nxd7 15. dxc5 Nxc5 16. Qg4 Nxb3 17. cxb3 a5 18. Bh6 Bf6 19. Rab1 Qd5 20. Nc1 Qe4 21. Qxe4 Bxe4 22. Ra1 gxh6 23. Ra2 Rac8 24. Ne2 Bd3 25. Re1 Bxe2 0-1

[Event "4NCL Online Division 5"]
[Site "online"]
[Date "2021.11.16"]
[EventDate "2021.11.16"]
[Round "7.173"]
[White "Pettitt, David"]
[WhiteElo "1627"]
[WhiteTeam "Devana Corieltauvorum"]
[Black "Slegg, Gary"]
[BlackElo "1418"]
[BlackTeam "Shropshire and Friends 7"]
[Result "0-1"]
[PlyCount "154"]

1. d4 Nf6 2. c4 e6 3. Nf3 b6 4. g3 Ba6 5. Qc2 Be7 6. Bg2 Nc6 7. a3 Rc8 8. Nbd2 Bb7 9. O-O O-O 10. Re1 d5 11. cxd5 Qxd5 12. e3 Qh5 13. Ne5 Nd8 14. Ndf3 Ng4 15. Nxg4 Qxg4 16. Ne5 Qf5 17. e4 Qf6 18. Nd7 Qxd4 19. Nxf8 Bxf8 20. Be3 Qf6 21. Rad1 e5 22. b4 Bd6 23. Qc4 Ne6 24. Bh3 Re8 25. Rf1 Qe7 26. Bxe6 Qxe6 27. Qc2 Qe7 28. Rde1 Qf6 29. f4 exf4 30. Bxf4 Bxf4 31. Rxf4 Qd4+ 32. Qf2 Qxf2+ 33. Kxf2 Re6 34. Ke3 f5 35. Rxf5 Bxe4 36. Rf4 Bg6+ 37. Kf2 Rc6 38. Kg2 Rc2+ 39. Rf2 Rc3 40. Ref1 Be4+ 41. Kg1 h6 42. Ra1 Kh7 43. Re2 Bg6 44. Re7 Bf5 45. Re5 Bg6 46. Kf2 Rc2+ 47. Re2 Rc3 48. Rd2 Bf5 49. Ke1 Bg6 50. Rf2 Rc4 51. Kf1 Rc3 52. Kg1 Rc4 53. h3 Rc3 54. Kh2 Rc4 55. g4 Rc3 56. Kg1 Rc4 57. Rf3 Rc2 58. Raf1 Be4 59. Re3 Rg2+ 60. Kh1 Re2+ 61. Kg1 Rxe3 62. Rf4 Bb7 63. Rf7 Rxh3 64. Rxc7 Be4 65. Rxa7 Rg3+ 66. Kf2 Rxg4 67. Ke3 Bg6 68. Rb7 Rg3+ 69. Kf4 Rxa3 70. Rxb6 Rb3 71. Rb8 Bb1 72. b5 Rb4+ 73. Kg3 h5 74. b6 Be4 75. Kh4 Kh6 76. Rh8+ Kg6 77. Rxh5 Bf3+ 0-1

[Event "4NCL Online Division 5"]
[Site "online"]
[Date "2021.11.16"]
[EventDate "2021.11.16"]
[Round "7.174"]
[White "Casewell, John M"]
[WhiteElo "1330"]
[WhiteTeam "Shropshire and Friends 7"]
[Black "Gray, Paul"]
[BlackElo "1588"]
[BlackTeam "Devana Corieltauvorum"]
[Result "0-1"]
[PlyCount "108"]

1. c4 Nf6 2. Nc3 e6 3. a3 h6 4. g3 Be7 5. Bg2 c6 6. Nf3 d6 7. O-O Bd7 8. e4 Qc8 9. d4 O-O 10. b3 a6 11. Bb2 b5 12. cxb5 axb5 13. Re1 Nh7 14. Rc1 d5 15. exd5 Bxa3 16. Bxa3 Rxa3 17. dxc6 Bxc6 18. Nxb5 Ra5 19. Nd6 Qa6 20. Nc4 Rd5 21. Nfe5 Rdd8 22. Ra1 Qc8 23. Na5 Bxg2 24. Kxg2 Qc3 25. Ra4 Nf6 26. Re3 Qc7 27. Qd2 Nd5 28. Rd3 Qb6 29. Nec4 Qb5 30. h4 Na6 31. Ne5 Nb8 32. Rc4 Rc8 33. Qc1 Qa6 34. Nac6 Kh8 35. Nxb8 Rxb8 36. Nd7 Qa8 37. Kh3 Nb4 38. Rd2 Rfd8 39. Nxb8 Rxb8 40. Rc7 Kg8 41. Qc4 h5 42. Rd1 Qf3 43. Rc8+ Rxc8 44. Qxc8+ Kh7 45. Qc1 Qf5+ 46. Kg2 Qe4+ 47. Kh2 Qf3 48. Qb1+ g6 49. Qb2 Qxd1 50. Qc3 Nd3 51. Qc7 Kg7 52. Qc4 Qf3 53. Qc2 Ne1 54. Qc3 Qg2# 0-1